Southville International School and Colleges
Your cart is empty.
  • Cart
  • Lists
    Public lists Eva Luna New books Lux_list list_1
    Your lists Log in to create your own lists
  • Log in to your account
  • Your cookies
  • Search history
Southville International School and Colleges
  • Advanced search
  • Recent comments
  • Most popular
  • Libraries

Log in to your account

Log in with GOOGLE


If you do not have an external account, but do have a local account, you can still log in:

  1. Home
  2. MARC view: Essentials of public health management /
Normal view MARC view ISBD view

Essentials of public health management / (Record no. 275879)

[ view plain ]
MARC details
000 -LEADER
fixed length control field 02282cam a22003014i 4500
001 - CONTROL NUMBER
control field MEB028024
005 - DATE AND TIME OF LATEST TRANSACTION
control field 20140925144151.0
008 - FIXED-LENGTH DATA ELEMENTS--GENERAL INFORMATION
fixed length control field 101118t20122012mau b 001 0 eng
010 ## - LIBRARY OF CONGRESS CONTROL NUMBER
LC control number 2010049160
020 ## - INTERNATIONAL STANDARD BOOK NUMBER
International Standard Book Number 9781449618964
035 ## - SYSTEM CONTROL NUMBER
System control number (DNLM)101547895
040 ## - CATALOGING SOURCE
Original cataloging agency DNLM/DLC
Transcribing agency DLC
Description conventions rda
Modifying agency DLC
050 00 - LIBRARY OF CONGRESS CALL NUMBER
Classification number RA 425
Item number .Es87 2012
245 00 - TITLE STATEMENT
Title Essentials of public health management /
Statement of responsibility, etc edited by L. Fleming Fallon Jr., Eric J. Zgodzinski.
250 ## - EDITION STATEMENT
Edition statement 3rd ed.
260 ## - PUBLICATION, DISTRIBUTION, ETC. (IMPRINT)
Place of publication, distribution, etc Sudbury, Massachusetts :
Name of publisher, distributor, etc Jones & Bartlett Learning,
Date of publication, distribution, etc 2012.
300 ## - PHYSICAL DESCRIPTION
Extent xvi, 551 pages ;
Dimensions 23 cm.
504 ## - BIBLIOGRAPHY, ETC. NOTE
Bibliography, etc Includes bibliographical references and index.
505 ## - FORMATTED CONTENTS NOTE
Formatted contents note Organizational resources -- Management theory and applications -- Governance and leadership -- Organizational behavior -- Money: accounting, finance, and budgets -- Community and environmental health -- Marketing public health -- Emergency preparedness and response -- Ethics -- Human resources -- Overview of human resources -- Employee preparation: position descriptions, selection, training and development, retention, and integrating students -- Employee feedback: rewards and discipline -- Compensation and benefits -- Mental health issues in the workplace -- Union-management issues -- Operations of a health agency -- Agency internal structure and external constituencies -- National public health performance standards -- Continuous quality improvement -- Accreditation -- Interactions with other agencies and local government -- Traditional media: print, television and radio -- Social (electronic) media -- Other operations -- Assessing community health -- Health officer's role in board development -- Tax levies -- Organizing and operating clinics -- Miscellaneous -- History of public health -- Public health law -- Starting a board of health in the 21st century -- Resources: state and national associations and government agencies.
650 #0 - SUBJECT ADDED ENTRY--TOPICAL TERM
Topical term or geographic name as entry element Public health administration.
650 ## - SUBJECT ADDED ENTRY--TOPICAL TERM
Topical term or geographic name as entry element Public health administration
General subdivision Methods
Geographic subdivision United States.
650 ## - SUBJECT ADDED ENTRY--TOPICAL TERM
Topical term or geographic name as entry element Personnel management
General subdivision Methods
Geographic subdivision United States.
650 ## - SUBJECT ADDED ENTRY--TOPICAL TERM
Topical term or geographic name as entry element Public health practice
Geographic subdivision United States.
700 1# - ADDED ENTRY--PERSONAL NAME
Personal name Fallon, L. Fleming.
700 1# - ADDED ENTRY--PERSONAL NAME
Personal name Zgodzinski, Eric J.
740 ## - ADDED ENTRY--UNCONTROLLED RELATED/ANALYTICAL TITLE
Uncontrolled related/analytical title Public health management.
942 ## - ADDED ENTRY ELEMENTS (KOHA)
Source of classification or shelving scheme Library of Congress Classification
Koha item type Books
Call number prefix Foreign
Holdings
Withdrawn status Lost status Source of classification or shelving scheme Damaged status Home library Current library Shelving location Date acquired Source of acquisition Total Checkouts Full call number Barcode Date last seen Price effective from Koha item type
    Library of Congress Classification   College Library College Library Reserve Section 09/25/2014 Library Fund   RA 425 .Es87 2012 C18656 05/15/2018 09/25/2014 Books

Essentials of public health management /

APA

Fallon L. F., Zgodzinski E. J., . (2012). Essentials of public health management. Sudbury, Massachusetts: Jones & Bartlett Learning.

Chicago

Fallon L Fleming, Zgodzinski Eric J, . 2012. Essentials of public health management. Sudbury, Massachusetts: Jones & Bartlett Learning.

Harvard

Fallon L. F., Zgodzinski E. J., . (2012). Essentials of public health management. Sudbury, Massachusetts: Jones & Bartlett Learning.

MLA

Fallon L Fleming, Zgodzinski Eric J, . Essentials of public health management. Sudbury, Massachusetts: Jones & Bartlett Learning. 2012.

  • Place hold
  • Print
  • Cite
  • Add to your cart (remove)
  • Save record
    BIBTEX Dublin Core MARCXML MARC (non-Unicode/MARC-8) MARC (Unicode/UTF-8) MARC (Unicode/UTF-8, Standard) MODS (XML) RIS
  • More searches
    Search for this title in:
    Other Libraries (WorldCat) Other Databases (Google Scholar) Online Stores (Bookfinder.com) Open Library (openlibrary.org)

Exporting to Dublin Core...

SOUTHVILLE LIBRARY

Southville International School and Colleges Library

1281 Tropical Ave. Cor. Luxembourg St., BF Homes International, Las Pinas City

Tel. No. 8256374 / 252358 Loc. 117/146

Powered by Koha